| 000 -ლიდერი |
| ფიქსირებული სიგრძის საკონტროლო ველი |
01455nam a2200277Ia 4500 |
| 001 - საკონტროლო ნომერი |
| საკონტროლო ველი |
17648 |
| 003 - საკონტროლო ნომრის იდენტიფიკატორი |
| საკონტროლო ველი |
GE_BSU |
| 005 - ბოლო ოპერაციის თარიღი და დრო |
| საკონტროლო ველი |
20200220164059.0 |
| 008 - ფიქსირებული სიგრძის მონაცემთა ელემენტები - ზოგადი ინფორმაცია |
| ფიქსირებული სიგრძის საკონტროლო ველი |
181216s2014ge xx |||||||||||||| ||geo|| |
| 020 ## - წიგნის საერთაშორისო სტანდარტული ნომერი |
| International Standard Book Number |
978-9941-13-359-6 |
| 040 ## - კატალოგიზაციის წყარო |
| Transcribing agency |
GE_BSU |
| 041 ## - ენის კოდი |
| Language code of text/sound track or separate title |
geo |
| 080 ## - უნივერსალური ათობითი კლასიფიკაციის ინდექსი |
| Universal Decimal Classification number |
572.7(075.8) პ-74 |
| 245 ## - ცნობა სათაურის შესახებ |
| Title |
პრაქტიკული ანთროპოლოგია : |
| Remainder of title |
(სახელმძღვ.) / |
| Statement of responsibility, etc |
ლიანა ბითაძე ; ოთარ ცეცხლაძე ; შორენა ლალიაშვილი ; [და სხვ.] რედ : დიმიტრი კორძაია ; რამაზ შენგელია. |
| 264 ## - წარმოების, გამოცემის, დისტრიბუციის და სხვა ცნობები |
| გამოცემის, წარმოების, დისტრიბუციის... ადგილი |
თბილისი : |
| გამოცემის, წარმოების, დისტრიბუციის... სახელწოდება |
თბილ. უნ-ტის გამ-ბა, |
| გამოცემის, წარმოების, დისტრიბუციის... თარიღი |
2014. |
| 300 ## - ფიზიკური აღწერა |
| Extent |
360 გვ ; |
| Other physical details |
სურ ; ნახ ; |
| Dimensions |
25 სმ. |
| 504 ## - BIBLIOGRAPHY, ETC. NOTE |
| Bibliography, etc |
ბიბლიოგრ.: გვ. 346-358. |
| 653 ## - INDEX TERM--UNCONTROLLED |
| Uncontrolled term |
ანთროპოლოგია სახელმძღვანელოები |
| 653 ## - INDEX TERM--UNCONTROLLED |
| Uncontrolled term |
ბიოლოგია |
| 700 ## - ADDED ENTRY--PERSONAL NAME |
| Personal name |
ბითაძე, ლიანა |
| 9 (RLIN) |
1701 |
| 700 ## - ADDED ENTRY--PERSONAL NAME |
| Personal name |
ცეცხლაძე, ოთარ |
| 9 (RLIN) |
7283 |
| 700 ## - ADDED ENTRY--PERSONAL NAME |
| Personal name |
ლალიაშვილი, შორენა |
| 9 (RLIN) |
1703 |
| 700 ## - ADDED ENTRY--PERSONAL NAME |
| Personal name |
კორძაია, დიმიტრი |
| Relator term |
რედაქტორი |
| 9 (RLIN) |
7284 |
| 700 ## - ADDED ENTRY--PERSONAL NAME |
| Personal name |
შენგელია, რამაზ |
| Relator term |
რედაქტორი |
| 9 (RLIN) |
7285 |
| 942 ## - ADDED ENTRY ELEMENTS (KOHA) |
| Koha item type |
წიგნი |
| Source of classification or shelving scheme |
|